[Event "SM-gruppen"]
[Site "Örebro"]
[Date "2013.07.10"]
[Round "5"]
[White "Cramling, Pia"]
[Black "Lindberg, Bengt"]
[Result "1-0"]
[BlackElo "2410"]
[WhiteElo "2524"]

1. d4 {[%clk 1:30:54]} Nf6 {[%clk 1:30:47]} 2. Nf3 {[%clk 1:31:07]} e6
{[%clk 1:31:03]} 3. c4 {[%clk 1:31:25]} d5 {[%clk 1:31:10]} 4. Nc3
{[%clk 1:27:31]} Bb4 {[%clk 1:31:26]} 5. cxd5 {[%clk 1:25:38]} exd5
{[%clk 1:31:49]} 6. Bg5 {[%clk 1:25:44]} Nbd7 {[%clk 1:32:07]} 7. Qc2
{[%clk 1:24:00]} O-O {[%clk 1:04:04]} 8. a3 {[%clk 1:20:50]} Be7 {[%clk 0:50:10]}
9. e3 {[%clk 1:20:32]} c5 {[%clk 0:47:05]} 10. Be2 {[%clk 1:17:35]} a6
{[%clk 0:32:01]} 11. O-O {[%clk 1:14:33]} b5 {[%clk 0:28:47]} 12. dxc5
{[%clk 0:56:12]} Nxc5 {[%clk 0:29:11]} 13. Rad1 {[%clk 0:54:36]} Be6
{[%clk 0:28:46]} 14. Bxf6 {[%clk 0:47:52]} Bxf6 {[%clk 0:29:11]} 15. Nxd5
{[%clk 0:47:44]} Rc8 {[%clk 0:26:48]} 16. Nxf6+ {[%clk 0:47:02]} Qxf6
{[%clk 0:27:13]} 17. Nd4 {[%clk 0:46:14]} Nb3 {[%clk 0:23:30]} 18. Qb1
{[%clk 0:44:50]} Bc4 {[%clk 0:23:48]} 19. Bxc4 {[%clk 0:37:21]} bxc4
{[%clk 0:24:11]} 20. Qc2 {[%clk 0:37:15]} g6 {[%clk 0:16:54]} 21. h3
{[%clk 0:29:35]} Qb6 {[%clk 0:16:02]} 22. Ne2 {[%clk 0:28:44]} Nc5
{[%clk 0:13:59]} 23. Rd4 {[%clk 0:25:10]} Nb3 {[%clk 0:02:55]} 24. Rd5
{[%clk 0:24:56]} Nc5 {[%clk 0:01:39]} 25. Rb1 {[%clk 0:17:41]} Nd3
{[%clk 0:01:12]} 26. b3 {[%clk 0:14:14]} Qf6 {[%clk 0:01:04]} 27. Ng3
{[%clk 0:12:27]} Qe6 {[%clk 0:01:08]} 28. Rd4 {[%clk 0:09:28]} Ne5
{[%clk 0:01:36]} 29. Ne2 {[%clk 0:06:33]} cxb3 {[%clk 0:00:40]} 30. Qxb3
{[%clk 0:06:54]} Qxb3 {[%clk 0:00:38]} 31. Rxb3 {[%clk 0:07:20]} Rc2
{[%clk 0:00:58]} 32. Nf4 {[%clk 0:05:32]} Nc4 {[%clk 0:01:26]} 33. Nd3
{[%clk 0:03:43]} Rc8 {[%clk 0:01:21]} 34. Nb4 {[%clk 0:03:17]} Nd2
{[%clk 0:00:32]} 35. Nxc2 {[%clk 0:02:59]} Nxb3 {[%clk 0:01:00]} 36. Rb4
{[%clk 0:02:46]} Nd2 {[%clk 0:01:10]} 37. Rb2 {[%clk 0:03:01]} Nc4
{[%clk 0:01:21]} 38. Ra2 {[%clk 0:02:57]} Rb8 {[%clk 0:01:21]} 39. Nd4
{[%clk 0:02:21]} Rb1+ {[%clk 0:00:59]} 40. Kh2 {[%clk 0:32:49]} Rd1
{[%clk 0:31:02]} 41. a4 {[%clk 0:28:27]} Rb1 {[%clk 0:21:03]} 42. g4
{[%clk 0:19:44]} a5 {[%clk 0:16:23]} 43. Kg3 {[%clk 0:16:38]} Rb4
{[%clk 0:15:01]} 44. Nc6 {[%clk 0:14:59]} Rb6 {[%clk 0:14:27]} 45. Ne7+
{[%clk 0:14:39]} Kg7 {[%clk 0:13:14]} 46. Nd5 {[%clk 0:13:41]} Rb7
{[%clk 0:11:02]} 47. g5 {[%clk 0:11:48]} Nb2 {[%clk 0:08:52]} 48. h4
{[%clk 0:11:43]} h6 {[%clk 0:07:14]} 49. f3 {[%clk 0:11:02]} hxg5
{[%clk 0:07:03]} 50. hxg5 {[%clk 0:11:28]} Rb3 {[%clk 0:06:21]} 51. e4
{[%clk 0:09:41]} Rb8 {[%clk 0:00:47]} 52. Kg4 {[%clk 0:06:48]} Nd3
{[%clk 0:00:57]} 53. f4 {[%clk 0:05:58]} Nc5 {[%clk 0:00:57]} 54. Nf6
{[%clk 0:05:22]} Ne6 {[%clk 0:00:39]} 55. Rh2 {[%clk 0:03:48]} Nf8
{[%clk 0:00:55]} 56. Nd5 {[%clk 0:04:00]} Rb1 {[%clk 0:00:37]} 57. Rc2
{[%clk 0:04:11]} Rg1+ {[%clk 0:00:38]} 58. Kf3 {[%clk 0:04:36]} Ne6
{[%clk 0:00:43]} 59. Rc4 {[%clk 0:03:44]} Rf1+ {[%clk 0:00:49]} 60. Ke2
{[%clk 0:03:26]} Ra1 {[%clk 0:00:42]} 61. e5 {[%clk 0:02:16]} Ra2+
{[%clk 0:00:42]} 62. Ke3 {[%clk 0:02:20]} Ra3+ {[%clk 0:00:58]} 63. Kf2
{[%clk 0:01:57]} Ra2+ {[%clk 0:01:09]} 64. Kf3 {[%clk 0:02:10]} Ra3+
{[%clk 0:00:54]} 65. Kg4 {[%clk 0:02:21]} Ra1 {[%clk 0:01:11]} 66. Nf6
{[%clk 0:01:31]} Rg1+ {[%clk 0:01:03]} 67. Kf3 {[%clk 0:01:54]} Ra1
{[%clk 0:01:16]} 68. Rc8 {[%clk 0:01:30]} Nf8 {[%clk 0:01:45]} 69. Ra8
{[%clk 0:00:44]} Rf1+ {[%clk 0:01:30]} 70. Kg3 {[%clk 0:01:00]} Rg1+
{[%clk 0:00:45]} 71. Kf2 {[%clk 0:01:22]} Ra1 {[%clk 0:00:37]} 72. Rxa5
{[%clk 0:01:02]} Rd1 {[%clk 0:00:31]} 73. Ra8 {[%clk 0:01:19]} Rd4
{[%clk 0:00:51]} 74. Ke3 {[%clk 0:01:40]} Rb4 {[%clk 0:01:16]} 75. a5
{[%clk 0:02:01]} Ra4 {[%clk 0:01:32]} 76. a6 {[%clk 0:02:13]} Ra5
{[%clk 0:01:56]} 77. Kf3 {[%clk 0:02:21]} Ra4 {[%clk 0:02:11]} 78. e6
{[%clk 0:01:30]} fxe6 {[%clk 0:02:17]} 79. Ra7+ {[%clk 0:01:45]} Kh8
{[%clk 0:02:43]} 80. Rf7 {[%clk 0:01:59]} Rxa6 {[%clk 0:03:09]} 81. Rxf8+
{[%clk 0:02:21]} Kg7 {[%clk 0:03:36]} 82. Rd8 {[%clk 0:02:37]} Ra5
{[%clk 0:03:26]} 83. Ke4 {[%clk 0:02:53]} Kf7 {[%clk 0:03:45]} 84. Rd7+
{[%clk 0:03:10]} Kf8 {[%clk 0:04:14]} 85. Ng4 {[%clk 0:03:29]} 1-0

[Event "SM-gruppen"]
[Site "Örebro"]
[Date "2013.07.10"]
[Round "5"]
[White "Hillarp Persson, Tiger"]
[Black "Grandelius, Nils"]
[Result "1-0"]
[BlackElo "2573"]
[WhiteElo "2528"]

1. d4 {[%clk 1:30:53]} Nf6 {[%clk 1:30:07]} 2. c4 {[%clk 1:31:13]} g6
{[%clk 1:29:49]} 3. Nc3 {[%clk 1:31:36]} d5 {[%clk 1:30:16]} 4. Nf3
{[%clk 1:31:58]} Bg7 {[%clk 1:30:41]} 5. Qa4+ {[%clk 1:32:05]} Bd7
{[%clk 1:29:27]} 6. Qb3 {[%clk 1:32:13]} dxc4 {[%clk 1:29:52]} 7. Qxc4
{[%clk 1:32:35]} O-O {[%clk 1:30:18]} 8. Bf4 {[%clk 1:32:27]} c6 {[%clk 1:29:44]}
9. e4 {[%clk 1:28:20]} b5 {[%clk 1:30:00]} 10. Qd3 {[%clk 1:28:29]} Qa5
{[%clk 1:30:05]} 11. Be2 {[%clk 1:22:35]} b4 {[%clk 1:23:56]} 12. Nd1
{[%clk 1:22:18]} c5 {[%clk 1:23:42]} 13. d5 {[%clk 1:21:53]} e6 {[%clk 1:17:21]}
14. Ne3 {[%clk 1:17:10]} exd5 {[%clk 1:08:32]} 15. exd5 {[%clk 1:16:48]} c4
{[%clk 0:41:13]} 16. Qxc4 {[%clk 0:55:20]} Rc8 {[%clk 0:40:36]} 17. Qd3
{[%clk 0:55:15]} Ng4 {[%clk 0:38:24]} 18. O-O {[%clk 0:37:56]} Nxe3
{[%clk 0:35:08]} 19. fxe3 {[%clk 0:38:18]} Rc5 {[%clk 0:30:06]} 20. e4
{[%clk 0:34:31]} Bb5 {[%clk 0:30:25]} 21. Qd2 {[%clk 0:34:11]} Nd7
{[%clk 0:29:55]} 22. Bxb5 {[%clk 0:26:27]} Qxb5 {[%clk 0:30:03]} 23. Bh6
{[%clk 0:25:52]} Bh8 {[%clk 0:28:36]} 24. Nd4 {[%clk 0:09:43]} Qb6
{[%clk 0:28:20]} 25. Be3 {[%clk 0:07:06]} Qd6 {[%clk 0:24:19]} 26. Nc6
{[%clk 0:05:32]} Rc4 {[%clk 0:24:37]} 27. Qf2 {[%clk 0:04:45]} Rf8
{[%clk 0:18:04]} 28. Bf4 {[%clk 0:04:31]} Qc5 {[%clk 0:17:20]} 29. Be3
{[%clk 0:04:58]} Qd6 {[%clk 0:17:49]} 30. Bf4 {[%clk 0:04:49]} Qc5
{[%clk 0:18:18]} 31. Qxc5 {[%clk 0:04:54]} Nxc5 {[%clk 0:18:46]} 32. Bd6
{[%clk 0:03:10]} Re8 {[%clk 0:18:58]} 33. Ne7+ {[%clk 0:01:35]} Kg7
{[%clk 0:19:28]} 34. b3 {[%clk 0:00:41]} Rc2 {[%clk 0:19:56]} 35. e5
{[%clk 0:00:38]} Ne4 {[%clk 0:17:58]} 36. Bxb4 {[%clk 0:00:58]} a5
{[%clk 0:18:22]} 37. Ba3 {[%clk 0:01:13]} Kh6 {[%clk 0:18:41]} 38. Rae1
{[%clk 0:00:56]} Nd2 {[%clk 0:16:39]} 39. Rxf7 {[%clk 0:01:04]} g5
{[%clk 0:14:45]} 40. h3 {[%clk 0:30:46]} Rxa2 {[%clk 0:44:42]} 41. Rc1
{[%clk 0:24:25]} g4 {[%clk 0:42:56]} 42. Bc5 {[%clk 0:13:54]} gxh3
{[%clk 0:39:44]} 43. Be3+ {[%clk 0:13:08]} Kh5 {[%clk 0:40:11]} 44. Rf5+
{[%clk 0:10:08]} Kg4 {[%clk 0:39:53]} 45. Rg5+ {[%clk 0:10:16]} Kh4
{[%clk 0:40:14]} 46. Nf5# {[%clk 0:10:36]} 1-0

[Event "SM-gruppen"]
[Site "Örebro"]
[Date "2013.07.10"]
[Round "5"]
[White "Hector, Jonny"]
[Black "Brynell, Stellan"]
[Result "1/2-1/2"]
[BlackElo "2484"]
[WhiteElo "2509"]

1. e4 {[%clk 1:30:52]} e6 {[%clk 1:30:54]} 2. d4 {[%clk 1:31:13]} d5
{[%clk 1:31:19]} 3. Nc3 {[%clk 1:31:33]} Bb4 {[%clk 1:31:32]} 4. exd5
{[%clk 1:31:20]} exd5 {[%clk 1:31:55]} 5. Bd3 {[%clk 1:31:25]} c6
{[%clk 1:31:33]} 6. Qf3 {[%clk 1:28:34]} Qf6 {[%clk 1:31:29]} 7. Bf4
{[%clk 1:28:12]} Ne7 {[%clk 1:24:52]} 8. Qg3 {[%clk 1:28:16]} Nd7
{[%clk 1:22:07]} 9. Nge2 {[%clk 1:17:28]} Ng6 {[%clk 1:13:11]} 10. Bg5
{[%clk 1:10:40]} Qd6 {[%clk 1:09:08]} 11. O-O-O {[%clk 1:05:06]} Qxg3
{[%clk 1:06:27]} 12. Nxg3 {[%clk 1:04:48]} f6 {[%clk 1:05:00]} 13. Bd2
{[%clk 1:03:22]} Nb6 {[%clk 0:52:26]} 14. h4 {[%clk 0:58:01]} Bd6
{[%clk 0:46:46]} 15. Rde1+ {[%clk 0:54:12]} Kf7 {[%clk 0:46:38]} 16. Nce2
{[%clk 0:54:14]} Re8 {[%clk 0:40:54]} 17. b3 {[%clk 0:52:14]} Bd7
{[%clk 0:37:55]} 18. a4 {[%clk 0:50:17]} Rad8 {[%clk 0:37:19]} 19. Kb2
{[%clk 0:47:34]} Nc8 {[%clk 0:35:37]} 20. h5 {[%clk 0:42:05]} Nf8
{[%clk 0:35:37]} 21. Nf5 {[%clk 0:41:33]} Bxf5 {[%clk 0:34:07]} 22. Bxf5
{[%clk 0:41:53]} Bc7 {[%clk 0:26:28]} 23. Bd3 {[%clk 0:40:40]} Nd6
{[%clk 0:22:21]} 24. Ng3 {[%clk 0:26:26]} Rxe1 {[%clk 0:21:21]} 25. Rxe1
{[%clk 0:26:44]} Re8 {[%clk 0:20:25]} 26. Rc1 {[%clk 0:24:44]} g6
{[%clk 0:10:49]} 27. c4 {[%clk 0:21:42]} Ne4 {[%clk 0:09:26]} 28. hxg6+
{[%clk 0:21:01]} hxg6 {[%clk 0:09:39]} 29. Nxe4 {[%clk 0:20:39]} dxe4
{[%clk 0:09:37]} 30. Bc2 {[%clk 0:15:08]} f5 {[%clk 0:09:22]} 31. Rh1
{[%clk 0:12:25]} Bd8 {[%clk 0:09:44]} 32. Ka3 {[%clk 0:07:56]} Bf6
{[%clk 0:07:55]} 33. Be3 {[%clk 0:07:14]} Rd8 {[%clk 0:01:27]} 34. Rd1
{[%clk 0:04:49]} a5 {[%clk 0:00:38]} 35. d5 {[%clk 0:04:27]} Be7+
{[%clk 0:00:39]} 36. Kb2 {[%clk 0:02:50]} c5 {[%clk 0:00:32]} 37. g4
{[%clk 0:02:29]} b6 {[%clk 0:00:53]} 38. gxf5 {[%clk 0:01:27]} gxf5
{[%clk 0:01:22]} 39. f3 {[%clk 0:01:37]} Bf6+ {[%clk 0:01:24]} 40. Kc1
{[%clk 0:32:04]} exf3 {[%clk 0:30:47]} 41. Bxf5 {[%clk 0:27:59]} Ng6
{[%clk 0:28:35]} 42. Rf1 {[%clk 0:24:15]} Ne5 {[%clk 0:27:20]} 43. Bf4
{[%clk 0:23:47]} Ke7 {[%clk 0:24:13]} 44. Kd2 {[%clk 0:21:05]} Rg8
{[%clk 0:23:57]} 45. d6+ {[%clk 0:11:11]} Kxd6 {[%clk 0:23:20]} 46. Rxf3
{[%clk 0:11:27]} Bg5 {[%clk 0:21:36]} 47. Kc2 {[%clk 0:08:13]} Bxf4
{[%clk 0:21:05]} 48. Rxf4 {[%clk 0:08:40]} Rg2+ {[%clk 0:19:47]} 49. Kb1
{[%clk 0:08:52]} Nc6 {[%clk 0:12:34]} 50. Rg4 {[%clk 0:08:25]} Rxg4
{[%clk 0:11:57]} 51. Bxg4 {[%clk 0:08:50]} Ke5 {[%clk 0:12:23]} 52. Kc2
{[%clk 0:08:13]} Kf4 {[%clk 0:12:39]} 53. Bc8 {[%clk 0:07:12]} Ke3
{[%clk 0:12:59]} 54. Kc3 {[%clk 0:07:28]} Nd4 {[%clk 0:13:16]} 55. Bg4
{[%clk 0:07:30]} Nc6 {[%clk 0:07:58]} 56. Bh5 {[%clk 0:07:34]} Ne7
{[%clk 0:08:07]} 57. Kc2 {[%clk 0:07:24]} Kd4 {[%clk 0:08:30]} 58. Kd2
{[%clk 0:07:25]} Nf5 {[%clk 0:07:50]} 1/2-1/2

[Event "SM-gruppen"]
[Site "Örebro"]
[Date "2013.07.10"]
[Round "5"]
[White "Carlsson, Pontus"]
[Black "Tikkanen, Hans"]
[Result "0-1"]
[BlackElo "2528"]
[WhiteElo "2516"]

1. e4 {[%clk 1:22:57]} e6 {[%clk 1:30:53]} 2. d4 {[%clk 1:23:17]} d5
{[%clk 1:31:14]} 3. Nd2 {[%clk 1:23:35]} Nf6 {[%clk 1:31:38]} 4. e5
{[%clk 1:23:42]} Nfd7 {[%clk 1:32:05]} 5. Bd3 {[%clk 1:23:48]} c5
{[%clk 1:32:28]} 6. c3 {[%clk 1:24:15]} Nc6 {[%clk 1:32:51]} 7. Ngf3
{[%clk 1:24:20]} g6 {[%clk 1:32:54]} 8. O-O {[%clk 1:24:15]} Bg7 {[%clk 1:33:08]}
9. Bb5 {[%clk 1:24:29]} Qc7 {[%clk 1:16:57]} 10. Nb3 {[%clk 0:42:22]} c4
{[%clk 1:02:38]} 11. Nc5 {[%clk 0:38:43]} Ndb8 {[%clk 0:51:41]} 12. b3
{[%clk 0:32:53]} b6 {[%clk 0:50:55]} 13. Na4 {[%clk 0:28:02]} Bd7
{[%clk 0:20:23]} 14. bxc4 {[%clk 0:23:35]} dxc4 {[%clk 0:20:52]} 15. Rb1
{[%clk 0:19:17]} Ne7 {[%clk 0:20:28]} 16. Bxd7+ {[%clk 0:11:24]} Nxd7
{[%clk 0:20:19]} 17. Ba3 {[%clk 0:11:53]} Qc6 {[%clk 0:20:04]} 18. Nd2
{[%clk 0:08:57]} Rd8 {[%clk 0:09:42]} 19. Qc2 {[%clk 0:03:41]} f5
{[%clk 0:06:34]} 20. exf6 {[%clk 0:03:33]} Nxf6 {[%clk 0:06:55]} 21. Rfe1
{[%clk 0:01:42]} Nfd5 {[%clk 0:04:25]} 22. Nb2 {[%clk 0:00:44]} b5
{[%clk 0:04:03]} 23. Bxe7 {[%clk 0:01:00]} Nxe7 {[%clk 0:03:12]} 24. a4
{[%clk 0:01:23]} a6 {[%clk 0:03:32]} 25. axb5 {[%clk 0:01:35]} axb5
{[%clk 0:04:01]} 26. Re4 {[%clk 0:00:56]} O-O {[%clk 0:04:04]} 27. Rbe1
{[%clk 0:01:17]} Rd6 {[%clk 0:03:05]} 28. Nf3 {[%clk 0:00:51]} Nd5
{[%clk 0:03:17]} 29. Qc1 {[%clk 0:00:32]} Qa6 {[%clk 0:02:36]} 30. Nd1
{[%clk 0:00:49]} b4 {[%clk 0:02:38]} 31. cxb4 {[%clk 0:00:34]} Nxb4
{[%clk 0:03:04]} 32. Qc3 {[%clk 0:00:33]} Nd3 {[%clk 0:02:55]} 33. Rf1
{[%clk 0:00:55]} Qc6 {[%clk 0:02:33]} 34. Re3 {[%clk 0:00:37]} Nf4
{[%clk 0:02:19]} 35. Qc2 {[%clk 0:00:33]} Rxd4 {[%clk 0:01:59]} 36. Nc3
{[%clk 0:00:31]} Rd3 {[%clk 0:01:16]} 37. Ne4 {[%clk 0:00:49]} Qd5
{[%clk 0:00:47]} 38. Rfe1 {[%clk 0:00:33]} Rd8 {[%clk 0:00:44]} 39. g3
{[%clk 0:00:35]} Rxe3 {[%clk 0:00:54]} 40. Rxe3 {[%clk 0:30:57]} Qd1+
{[%clk 0:30:38]} 41. Qxd1 {[%clk 0:29:59]} Rxd1+ {[%clk 0:31:07]} 42. Re1
{[%clk 0:30:14]} Rxe1+ {[%clk 0:23:12]} 43. Nxe1 {[%clk 0:30:43]} Ne2+
{[%clk 0:23:03]} 44. Kg2 {[%clk 0:17:29]} Nd4 {[%clk 0:15:59]} 45. f4
{[%clk 0:17:51]} e5 {[%clk 0:08:58]} 46. fxe5 {[%clk 0:04:47]} Bxe5
{[%clk 0:09:26]} 47. Kf2 {[%clk 0:03:20]} Kf7 {[%clk 0:04:39]} 48. Ng5+
{[%clk 0:03:36]} Kg7 {[%clk 0:05:03]} 49. Ke3 {[%clk 0:03:34]} h6
{[%clk 0:05:10]} 50. Ke4 {[%clk 0:01:50]} Bf6 {[%clk 0:04:29]} 51. Nh3
{[%clk 0:02:18]} g5 {[%clk 0:04:08]} 52. Nf2 {[%clk 0:02:29]} h5 {[%clk 0:03:53]}
53. g4 {[%clk 0:00:51]} h4 {[%clk 0:04:14]} 54. Nd1 {[%clk 0:00:36]} Nb3
{[%clk 0:02:44]} 55. Nf3 {[%clk 0:00:32]} Kg6 {[%clk 0:01:47]} 56. Ne3
{[%clk 0:00:33]} c3 {[%clk 0:01:39]} 57. h3 {[%clk 0:00:35]} Nc5+
{[%clk 0:01:19]} 58. Kd5 {[%clk 0:01:03]} Nd3 {[%clk 0:01:44]} 59. Kc4
{[%clk 0:01:05]} Nf4 {[%clk 0:01:44]} 60. Nd4 {[%clk 0:00:44]} Nxh3
{[%clk 0:01:18]} 61. Kxc3 {[%clk 0:01:08]} Nf2 {[%clk 0:00:46]} 62. Kc4
{[%clk 0:01:22]} Bxd4 {[%clk 0:01:04]} 63. Kxd4 {[%clk 0:01:47]} h3
{[%clk 0:00:58]} 64. Nf1 {[%clk 0:01:58]} Nxg4 {[%clk 0:01:21]} 65. Ng3
{[%clk 0:02:07]} h2 {[%clk 0:01:37]} 66. Ke4 {[%clk 0:02:13]} Nf2+
{[%clk 0:01:50]} 67. Kf3 {[%clk 0:02:40]} h1=Q+ {[%clk 0:02:13]} 68. Nxh1
{[%clk 0:03:10]} Nxh1 {[%clk 0:02:37]} 69. Kg2 {[%clk 0:03:39]} Kf5
{[%clk 0:03:01]} 70. Kxh1 {[%clk 0:04:07]} Kf4 {[%clk 0:03:25]} 71. Kh2
{[%clk 0:04:25]} Kf3 {[%clk 0:03:49]} 72. Kh3 {[%clk 0:04:53]} g4+
{[%clk 0:04:09]} 73. Kh2 {[%clk 0:05:21]} Kf2 {[%clk 0:04:22]} 74. Kh1
{[%clk 0:05:50]} Kg3 {[%clk 0:04:45]} 75. Kg1 {[%clk 0:06:18]} Kh3
{[%clk 0:05:11]} 76. Kh1 {[%clk 0:06:46]} g3 {[%clk 0:05:36]} 0-1

[Event "SM-gruppen"]
[Site "Örebro"]
[Date "2013.07.11"]
[Round "6"]
[White "Smith, Axel"]
[Black "Brynell, Stellan"]
[Result "1/2-1/2"]
[BlackElo "2484"]
[WhiteElo "2461"]

1. d4 {[%clk 1:30:29]} d5 {[%clk 1:30:14]} 2. c4 {[%clk 1:30:42]} dxc4
{[%clk 1:30:37]} 3. e4 {[%clk 1:31:10]} Nf6 {[%clk 1:30:09]} 4. e5
{[%clk 1:31:24]} Nd5 {[%clk 1:30:34]} 5. Bxc4 {[%clk 1:31:50]} Nb6
{[%clk 1:30:52]} 6. Bd3 {[%clk 1:32:02]} Nc6 {[%clk 1:31:08]} 7. Be3
{[%clk 1:32:15]} Be6 {[%clk 1:30:55]} 8. Nc3 {[%clk 1:21:43]} Nb4
{[%clk 1:30:58]} 9. Be4 {[%clk 1:20:44]} N4d5 {[%clk 1:31:10]} 10. Nf3
{[%clk 1:14:06]} f6 {[%clk 1:10:20]} 11. O-O {[%clk 1:02:24]} Qd7
{[%clk 1:10:29]} 12. exf6 {[%clk 0:55:17]} exf6 {[%clk 1:08:24]} 13. Re1
{[%clk 0:49:11]} O-O-O {[%clk 1:05:45]} 14. Qc2 {[%clk 0:47:08]} g6
{[%clk 0:58:48]} 15. a3 {[%clk 0:46:57]} Bd6 {[%clk 0:52:53]} 16. Bd3
{[%clk 0:42:06]} Nxc3 {[%clk 0:29:23]} 17. bxc3 {[%clk 0:42:20]} Qf7
{[%clk 0:25:39]} 18. Nd2 {[%clk 0:36:54]} Nc4 {[%clk 0:24:00]} 19. Reb1
{[%clk 0:20:45]} Nxd2 {[%clk 0:20:24]} 20. Bxd2 {[%clk 0:20:56]} Bc4
{[%clk 0:18:35]} 21. Be4 {[%clk 0:19:11]} Bd5 {[%clk 0:17:43]} 22. Bd3
{[%clk 0:18:34]} Bc4 {[%clk 0:14:23]} 23. Be4 {[%clk 0:19:03]} Bd5
{[%clk 0:07:27]} 24. Bd3 1/2-1/2

[Event "SM-gruppen"]
[Site "Örebro"]
[Date "2013.07.11"]
[Round "6"]
[White "Grandelius, Nils"]
[Black "Cramling, Pia"]
[Result "1-0"]
[BlackElo "2524"]
[WhiteElo "2573"]

1. e4 {[%clk 1:30:41]} c5 {[%clk 1:30:44]} 2. Nf3 {[%clk 1:31:00]} Nc6
{[%clk 1:31:02]} 3. d4 {[%clk 1:31:17]} cxd4 {[%clk 1:31:25]} 4. Nxd4
{[%clk 1:31:43]} Qb6 {[%clk 1:31:41]} 5. Nb3 {[%clk 1:32:05]} Nf6
{[%clk 1:32:03]} 6. Nc3 {[%clk 1:32:32]} e6 {[%clk 1:32:24]} 7. Qe2
{[%clk 1:31:26]} Bb4 {[%clk 1:31:37]} 8. Bd2 {[%clk 1:30:45]} O-O
{[%clk 1:31:49]} 9. a3 {[%clk 1:27:18]} Be7 {[%clk 1:32:01]} 10. O-O-O
{[%clk 1:26:06]} d5 {[%clk 1:31:43]} 11. e5 {[%clk 1:26:05]} Nd7 {[%clk 1:32:04]}
12. f4 {[%clk 1:25:44]} Nc5 {[%clk 1:32:03]} 13. Nxc5 {[%clk 1:19:13]} Qxc5
{[%clk 1:32:21]} 14. h4 {[%clk 0:50:54]} Bd7 {[%clk 1:29:26]} 15. Qh5
{[%clk 0:45:12]} Be8 {[%clk 1:27:05]} 16. Qg4 {[%clk 0:40:09]} a6
{[%clk 0:52:21]} 17. Rh3 {[%clk 0:38:59]} f5 {[%clk 0:51:29]} 18. exf6
{[%clk 0:37:18]} Rxf6 {[%clk 0:51:28]} 19. h5 {[%clk 0:35:27]} Rd8
{[%clk 0:47:03]} 20. Kb1 {[%clk 0:32:54]} e5 {[%clk 0:28:10]} 21. Be3
{[%clk 0:26:00]} Bd7 {[%clk 0:24:33]} 22. Qxd7 {[%clk 0:24:51]} Rxd7
{[%clk 0:24:56]} 23. Bxc5 {[%clk 0:25:19]} Bxc5 {[%clk 0:25:11]} 24. Ne4
{[%clk 0:16:33]} dxe4 {[%clk 0:24:57]} 25. Rxd7 {[%clk 0:17:01]} e3
{[%clk 0:24:11]} 26. b4 {[%clk 0:12:35]} Ba7 {[%clk 0:22:54]} 27. Rg3
{[%clk 0:11:37]} Rxf4 {[%clk 0:13:05]} 28. Rgxg7+ {[%clk 0:11:42]} Kf8
{[%clk 0:13:32]} 29. Bd3 {[%clk 0:12:00]} b5 {[%clk 0:12:20]} 30. Rxh7
{[%clk 0:09:31]} Kg8 {[%clk 0:12:42]} 31. Rdg7+ {[%clk 0:08:41]} Kf8
{[%clk 0:13:10]} 32. h6 {[%clk 0:09:04]} 1-0

[Event "SM-gruppen"]
[Site "Örebro"]
[Date "2013.07.11"]
[Round "6"]
[White "Wiedenkeller, Michael"]
[Black "Hillarp Persson, Tiger"]
[Result "1/2-1/2"]
[BlackElo "2528"]
[WhiteElo "2475"]

1. d4 {[%clk 1:30:49]} Nf6 {[%clk 1:30:44]} 2. c4 {[%clk 1:30:59]} g6
{[%clk 1:31:07]} 3. Nc3 {[%clk 1:31:18]} Bg7 {[%clk 1:31:30]} 4. e4
{[%clk 1:31:29]} O-O {[%clk 1:31:48]} 5. Bd3 {[%clk 1:30:44]} d6 {[%clk 1:28:33]}
6. Nge2 {[%clk 1:30:16]} Nbd7 {[%clk 1:27:35]} 7. f3 {[%clk 1:28:23]} a6
{[%clk 1:27:02]} 8. Be3 {[%clk 1:28:01]} c5 {[%clk 1:25:33]} 9. Qd2
{[%clk 1:25:10]} cxd4 {[%clk 1:18:55]} 10. Nxd4 {[%clk 1:23:04]} e6
{[%clk 1:19:11]} 11. O-O {[%clk 1:17:53]} d5 {[%clk 1:06:35]} 12. exd5
{[%clk 1:05:29]} exd5 {[%clk 1:06:27]} 13. cxd5 {[%clk 1:01:14]} Nb6
{[%clk 1:06:20]} 14. Rfd1 {[%clk 0:50:02]} Nfxd5 {[%clk 0:49:45]} 15. Nxd5
{[%clk 0:48:20]} Nxd5 {[%clk 0:49:43]} 16. Bf2 {[%clk 0:48:32]} Qf6
{[%clk 0:43:33]} 17. Bc4 {[%clk 0:34:33]} Nf4 {[%clk 0:39:04]} 18. Be3
{[%clk 0:33:30]} Rd8 {[%clk 0:32:11]} 19. Bxf4 {[%clk 0:31:24]} Rxd4
{[%clk 0:31:50]} 20. Qxd4 {[%clk 0:31:26]} Qxd4+ {[%clk 0:32:10]} 21. Rxd4
{[%clk 0:31:51]} Bxd4+ {[%clk 0:32:29]} 22. Kf1 {[%clk 0:29:47]} Bf5
{[%clk 0:27:54]} 23. Rd1 {[%clk 0:22:28]} Bxb2 {[%clk 0:28:08]} 24. Bd5
{[%clk 0:22:26]} h5 {[%clk 0:20:28]} 25. Bxb7 {[%clk 0:21:42]} Ra7
{[%clk 0:20:04]} 26. Bc8 {[%clk 0:19:28]} Bxc8 {[%clk 0:19:45]} 27. Rd8+
{[%clk 0:19:54]} Kg7 {[%clk 0:19:54]} 28. Rxc8 {[%clk 0:20:19]} Rb7
{[%clk 0:08:27]} 29. Rc4 {[%clk 0:18:38]} Bf6 {[%clk 0:06:46]} 30. Ra4
{[%clk 0:17:41]} Rb1+ {[%clk 0:05:07]} 31. Kf2 {[%clk 0:17:30]} Rb2+
{[%clk 0:05:29]} 32. Kg3 {[%clk 0:17:08]} Rb6 {[%clk 0:05:30]} 33. Be3
{[%clk 0:13:28]} Rc6 {[%clk 0:03:22]} 34. Bd4 {[%clk 0:05:23]} Bxd4
{[%clk 0:03:37]} 35. Rxd4 {[%clk 0:05:48]} Kf6 {[%clk 0:03:54]} 36. Rd5
{[%clk 0:05:48]} Ke6 {[%clk 0:01:08]} 37. Ra5 {[%clk 0:05:05]} Kd7
{[%clk 0:00:44]} 38. Kf4 {[%clk 0:03:23]} Rc2 {[%clk 0:00:50]} 39. Rxa6
{[%clk 0:01:24]} Rxg2 {[%clk 0:01:05]} 40. h4 {[%clk 0:31:29]} Ke7
{[%clk 0:30:53]} 41. a4 {[%clk 0:27:22]} Rh2 {[%clk 0:24:27]} 42. Kg3
{[%clk 0:27:25]} Ra2 {[%clk 0:24:47]} 43. a5 {[%clk 0:26:08]} Ra4
{[%clk 0:24:56]} 1/2-1/2